000
00259nam a2200109Ia 4500
008
220204s9999 xx 000 0 und d
082
_a
159.92
_b
COX
100
_a
Coxhead, Nona
245
0
_a
Mindpower
260
_a
London
_b
William Heinemann
_c
1976
942
_c
BK
999
_c
32983
_d
32983